banner-ar

الكاتب الصغير:الارانب والفيل المغرور-حكاية القرد الشقى-الصقر والراعى الطيب-رحلة الى اعماق البحر / (Record no. 51016)

MARC details
000 -الفاتح
حقل البيانات ثابتة الطول 00695nam a2200181Ia 4500
008 - عناصر البيانات ثابتة الطول - معلومات عامة
حقل البيانات ثابتة الطول 140319s9999 xx 000 0 ara d
040 ## - مصدر الفهرسة
وكالة الفهرسة الأصلية GCL /
وكالة النسخ GCL
082 04 - رقم تصنيف ديوى العشرى
رقم التصنيف ط
رقم المادة .813.02
-- ع ك
100 1# - المدخل الرئيسى - إسم شخصى
الإسم الشخصى عمر الصاوى
245 10 - بيان العنوان
العنوان الكاتب الصغير:الارانب والفيل المغرور-حكاية القرد الشقى-الصقر والراعى الطيب-رحلة الى اعماق البحر /
بيان المسئوليه,etc عمر الصاوى
260 ## - PUBLICATION, DISTRIBUTION, ETC. (IMPRINT)
تاريخ النشر أو التوزيع 1994
300 ## - الوصف المادى
التعداد متعدد ؛
أبعاد الوعاء 30سم
490 ## - بيان السلسلة
عنوان السلسلة الكاتب الصغير
رقم المجلد/ التعيين التسلسلي 0
650 04 - المدخل الاضافى بالموضوع-مصطلح موضوعى
مصطلح موضوعي قصص الاطفال
650 04 - المدخل الاضافى بالموضوع-مصطلح موضوعى
مصطلح موضوعي ادب الاطفال
942 ## - عناصر المدخل الإضافي( كوها)
مصدر التصنيف او مخطط الترفيف Dewey Decimal Classification
Koha [default] item type كتاب
260 ## - PUBLICATION, DISTRIBUTION, ETC. (IMPRINT)
-- الرياض :
-- مكتبة العبيكان ،
Holdings
حالة التراجع حالة الفقد حالة تلف ليس للاعارة المكان المؤقت الموقع الحالى تاريخ الاكتساب اجمالي اﻻعارات رقم الطلب الباركود تاريخ اخر مشاهدة تاريخ تفعيل السعر نوع وعاء كوها
        مكتبة القاهرة الكبرى مكتبة القاهرة الكبرى 03/26/2014   ط\.813.02\ع ك 122277 03/26/2014 03/26/2014 كتاب
        مكتبة القاهرة الكبرى مكتبة القاهرة الكبرى 03/26/2014   ط\.813.02\ع ك 122278 03/26/2014 03/26/2014 كتاب
        مكتبة القاهرة الكبرى مكتبة القاهرة الكبرى 03/26/2014   ط\.813.02\ع ك 122279 03/26/2014 03/26/2014 كتاب
        مكتبة القاهرة الكبرى مكتبة القاهرة الكبرى 03/26/2014   ط\.813.02\ع ك 122280 03/26/2014 03/26/2014 كتاب
        مكتبة القاهرة الكبرى مكتبة القاهرة الكبرى 03/26/2014   ط\.813.02\ع ك 122281 03/26/2014 03/26/2014 كتاب

Powered By

EGPV